| 000 | 00821cab a2200265 4500 | ||
|---|---|---|---|
| 001 | WB3140-60 | ||
| 008 | 090401t1995 xxu||||| |||| 00| 0 eng d | ||
| 035 | _a(Sirsi) u9373 | ||
| 041 | _aeng | ||
| 245 | _aTrams back on track | ||
| 260 | _c1995 | ||
| 350 | _a0 | ||
| 490 |
_aTimes _vSection 3 26 October 1995, 24(1) |
||
| 520 | _aExamines proposals for a tramlink for Croydon as the environmental and strategic answer to its road congestion. The winning tender for the project is due to be announced in March 1996. | ||
| 650 | _aCROYDON TRAMLINK ACT | ||
| 650 | _aCROYDON | ||
| 650 | _aENVIRONMENTALLY FRIENDLY TRANSPORT | ||
| 650 | _aPUBLIC TRANSPORT | ||
| 650 | _aSOUTH LONDON | ||
| 650 | _aTRAMLINK | ||
| 650 | _aTRAMS | ||
| 690 | _aTRANSPORT AND COMMUNICATIONS | ||
| 942 | _n0 | ||
| 948 | _c04/03/1997 | ||
| 999 |
_c5845 _d5845 |
||